[Event "Tata Steel 2011 - C"]
[Site "Wijk aan Zee"]
[Date "20.01.2011"]
[Round "5C"]
[White "Swiercz, D."]
[Black "Van der Werf, M."]
[Result "0-1"]
[WhiteElo "2540"]
[BlackElo "2439"]
[PlyCount "74"]
[EventDate "2011.01.14"]

1. d4 Nf6 2. c4 e6 3. Nc3 Bb4 4. e3 c5 5. Bd3 Nc6 6. Nge2 cxd4 7. exd4 d5 8.
cxd5 Nxd5 9. O-O O-O 10. a3 Bd6 11. Ne4 Nce7 12. Bc2 b6 13. Qd3 Ng6 14. h4 a5
15. Bg5 Be7 16. Qg3 Ba6 17. Rfe1 Rc8 18. N2c3 Bxg5 19. Nxg5 Nxc3 20. bxc3 Qc7
21. Re3 Qxg3 22. fxg3 Rfd8 23. Nxh7 Ne7 24. Ng5 Nd5 25. Rf3 Rd7 26. Rc1 Be2 27.
Rf2 Bh5 28. c4 Ne3 29. c5 bxc5 30. dxc5 Rxc5 31. g4 Bg6 32. Rb1 Rxg5 33. Rb8+
Kh7 34. Ba4 Rgd5 35. Bxd7 Rd1+ 36. Kh2 Nxg4+ 37. Kg3 Nxf2 0-1

[Event "Tata Steel 2011 - C"]
[Site "Wijk aan Zee"]
[Date "20.01.2011"]
[Round "5C"]
[White "Ivanisevic, I."]
[Black "Bok, B."]
[Result "1-0"]
[WhiteElo "2630"]
[BlackElo "2453"]
[PlyCount "89"]
[EventDate "2011.01.14"]

1. Nf3 Nf6 2. c4 g6 3. Nc3 d5 4. cxd5 Nxd5 5. h4 Bg7 6. h5 Nc6 7. g3 Bg4 8. h6
Bxc3 9. dxc3 Qd7 10. Bg2 f6 11. Ne5 Nxe5 12. Qxd5 Qxd5 13. Bxd5 O-O-O 14. Bb3
Bd7 15. Bf4 Bc6 16. f3 Bd5 17. Bxe5 fxe5 18. Rh4 Rhf8 19. Kf2 Rf6 20. Ke3 Rfd6
21. Bxd5 Rxd5 22. Re4 a5 23. c4 Rc5 24. b3 Rd6 25. a3 b5 26. cxb5 Rxb5 27. b4
Kd7 28. Rc4 axb4 29. axb4 Rd4 30. Rc2 Rdxb4 31. Ra8 Rb8 32. Rd2+ Ke8 33. Rxb8+
Rxb8 34. Ke4 Rb4+ 35. Kxe5 Rb5+ 36. Rd5 Rxd5+ 37. Kxd5 Kd7 38. f4 e6+ 39. Kc5
Kd8 40. Kc6 Kc8 41. g4 Kd8 42. g5 Ke7 43. Kxc7 e5 44. f5 Kf7 45. f6 1-0

[Event "Tata Steel 2011 - C"]
[Site "Wijk aan Zee"]
[Date "20.01.2011"]
[Round "5C"]
[White "Kazhgaleyev, M."]
[Black "De Jong, JW."]
[Result "1-0"]
[WhiteElo "2637"]
[BlackElo "2437"]
[PlyCount "121"]
[EventDate "2011.01.14"]

1. d4 Nf6 2. c4 g6 3. Nc3 d5 4. Bg5 Ne4 5. Bh4 Nxc3 6. bxc3 dxc4 7. e3 Be6 8.
Nf3 Bg7 9. Be2 O-O 10. O-O c5 11. Rb1 b6 12. Qc2 Nc6 13. dxc5 bxc5 14. Ng5 Bf5
15. e4 Bd7 16. Bxc4 Ne5 17. Bd5 Bc6 18. Rfd1 Qc8 19. f4 Bxd5 20. Rxd5 Nc4 21.
Qf2 Nb6 22. Rxc5 Qd7 23. e5 Qd3 24. Re1 Rac8 25. Ne4 Nd5 26. Bg3 Bh6 27. Qd4
Qxd4+ 28. cxd4 Nxf4 29. Rxc8 Rxc8 30. Nc5 e6 31. Kf2 Nd5 32. Kf3 Rb8 33. Re2
Rb1 34. Bf2 Rf1 35. Ne4 Kg7 36. Rb2 Rc1 37. Rb7 Rc7 38. Rxc7 Nxc7 39. Nd6 Bc1
40. Ke4 f6 41. a4 a6 42. Be1 Ba3 43. Nb7 Kf7 44. Kd3 fxe5 45. dxe5 Ke7 46. Kc4
Kd7 47. Bf2 Bc1 48. g3 Kc6 49. Na5+ Kd7 50. Nb7 Ba3 51. Bc5 Bb2 52. Bd6 Kc6 53.
Nc5 Ba3 54. Nxa6 Nxa6 55. Bxa3 Nc7 56. a5 Nd5 57. Bc5 Kb7 58. Bf2 Ka6 59. Kc5
Nc3 60. Be3 Nd5 61. Bd2 1-0

[Event "Tata Steel 2011 - C"]
[Site "Wijk aan Zee"]
[Date "20.01.2011"]
[Round "5C"]
[White "Van Kampen, R."]
[Black "Sachdev, T."]
[Result "1/2-1/2"]
[WhiteElo "2443"]
[BlackElo "2391"]
[PlyCount "51"]
[EventDate "2011.01.14"]

1. e4 e6 2. d4 d5 3. Nc3 dxe4 4. Nxe4 Nd7 5. Nf3 Ngf6 6. Bg5 h6 7. Nxf6+ Nxf6
8. Bh4 c5 9. c3 cxd4 10. Nxd4 Bc5 11. Bb5+ Bd7 12. Bxf6 Qxf6 13. Bxd7+ Kxd7 14.
O-O Ke7 15. Qb3 Rab8 16. Rad1 Rhd8 17. Rd3 Bxd4 18. Qa3+ Ke8 19. cxd4 Qe7 20.
Qxa7 Ra8 21. Qb6 Rxa2 22. d5 Ra6 23. Qb3 exd5 24. Rxd5 Rxd5 25. Qxd5 Kf8 26. g3
1/2-1/2

[Event "Tata Steel 2011 - C"]
[Site "Wijk aan Zee"]
[Date "20.01.2011"]
[Round "5C"]
[White "Vocaturo, D."]
[Black "Bluvshtein, M."]
[Result "1-0"]
[WhiteElo "2570"]
[BlackElo "2590"]
[PlyCount "145"]
[EventDate "2011.01.14"]

1. e4 e5 2. Nf3 Nc6 3. Bb5 Nf6 4. O-O Nxe4 5. d4 Nd6 6. Bxc6 dxc6 7. dxe5 Nf5
8. Qxd8+ Kxd8 9. h3 Ke8 10. Nc3 h5 11. Bg5 Be7 12. Rad1 Be6 13. b3 Rd8 14.
Rxd8+ Kxd8 15. Rd1+ Ke8 16. Bc1 f6 17. Ne2 Bd5 18. exf6 gxf6 19. Ne1 Bd6 20.
Bb2 Kf7 21. Nc3 Ne7 22. g3 Rg8 23. Nxd5 cxd5 24. Ng2 c6 25. c4 Ke6 26. Ne3 f5
27. cxd5+ cxd5 28. Kf1 f4 29. gxf4 Bxf4 30. Re1 Kd7 31. Bf6 Bxe3 32. Rxe3 Nc6
33. Bb2 Rg5 34. Ke2 Kd6 35. Rf3 d4 36. Rf7 Ra5 37. a4 b6 38. Rf6+ Kd7 39. Kd3
Rd5 40. Rf4 Nb4+ 41. Kd2 Nc6 42. Kd3 Nb4+ 43. Kc4 d3 44. Bc1 Rc5+ 45. Kxb4 a5+
46. Ka3 Rxc1 47. Rd4+ Kc6 48. Rxd3 Rc2 49. Rf3 Re2 50. Rf4 Kc5 51. Rf5+ Kc6 52.
h4 Re4 53. f4 Rb4 54. Kb2 Kc7 55. Kc2 Kc6 56. Kc3 Kc7 57. Rf8 Kd7 58. Rf6 Kc7
59. Rf5 Kc6 60. Kc2 Kc7 61. Kc3 Kc6 62. Kb2 Kc7 63. Rxh5 Rxf4 64. Rh8 Rf2+ 65.
Kc3 Rf3+ 66. Kc4 Rf4+ 67. Kb5 Rb4+ 68. Ka6 Rxb3 69. h5 b5 70. h6 bxa4 71. h7
Rh3 72. Ra8 Rxh7 73. Ra7+ 1-0

[Event "Tata Steel 2011 - C"]
[Site "Wijk aan Zee"]
[Date "20.01.2011"]
[Round "5C"]
[White "Nyzhnyk, I."]
[Black "Pruijssers, R."]
[Result "1-0"]
[WhiteElo "2530"]
[BlackElo "2484"]
[PlyCount "59"]
[EventDate "2011.01.14"]

1. d4 Nf6 2. Nf3 g6 3. g3 Bg7 4. Bg2 O-O 5. c4 d6 6. Nc3 Nbd7 7. O-O e5 8. e3
Re8 9. a4 c6 10. a5 e4 11. Ng5 d5 12. cxd5 cxd5 13. f3 h6 14. Nh3 exf3 15. Qxf3
Nf8 16. Nf4 Bg4 17. Qf2 Ne4 18. Qc2 Rc8 19. Qb3 Ne6 20. Nfxd5 Nxd4 21. exd4
Bxd4+ 22. Kh1 Nf2+ 23. Rxf2 Bxf2 24. Bxh6 Rc6 25. Qb4 Bf5 26. Qf4 Re1+ 27. Rxe1
Bxe1 28. Bg5 f6 29. Nxf6+ Rxf6 30. Nd5 1-0

[Event "Tata Steel 2011 - C"]
[Site "Wijk aan Zee"]
[Date "21.01.2011"]
[Round "6C"]
[White "Sachdev, T."]
[Black "Vocaturo, D."]
[Result "1-0"]
[WhiteElo "2391"]
[BlackElo "2570"]
[PlyCount "101"]
[EventDate "2011.01.14"]

1. d4 Nf6 2. c4 c5 3. d5 d6 4. Nc3 g6 5. e4 Bg7 6. f3 O-O 7. Nge2 e6 8. Ng3
exd5 9. cxd5 a6 10. a4 Nbd7 11. Be2 h5 12. Bg5 Qc7 13. O-O Nh7 14. Be3 Ne5 15.
h3 h4 16. Nh1 f5 17. Qd2 Qf7 18. f4 Nd7 19. Nf2 b6 20. Rae1 Bb7 21. Bf3 Rae8
22. Nfd1 Bf6 23. Bf2 Qg7 24. exf5 gxf5 25. Rxe8 Rxe8 26. Ne3 Rf8 27. Qc2 Bxc3
28. bxc3 Qf6 29. c4 Bc8 30. Qb1 Rf7 31. Qe1 Ndf8 32. Bxh4 Qd4 33. Bh5 Rg7 34.
Rf3 Bd7 35. Kh1 Nf6 36. Bxf6 Qxf6 37. Rg3 Bxa4 38. Rxg7+ Kxg7 39. g4 Bd7 40. g5
Qd8 41. Qa1+ Kg8 42. Qxa6 Qe7 43. Ng2 Qh7 44. Be2 Qxh3+ 45. Kg1 Qb3 46. Qa1 b5
47. Qf6 b4 48. Bh5 Nh7 49. Qf7+ Kh8 50. g6 Qd1+ 51. Bxd1 1-0

[Event "Tata Steel 2011 - C"]
[Site "Wijk aan Zee"]
[Date "21.01.2011"]
[Round "6C"]
[White "Bok, B."]
[Black "De Jong, JW."]
[Result "0-1"]
[WhiteElo "2453"]
[BlackElo "2437"]
[PlyCount "80"]
[EventDate "2011.01.14"]

1. e4 e5 2. Nf3 Nc6 3. Bb5 a6 4. Ba4 Nf6 5. d3 d6 6. c3 g6 7. O-O Bg7 8. Nbd2
O-O 9. Re1 b5 10. Bc2 Bb7 11. a4 Nb8 12. b4 Nbd7 13. Nb3 Rb8 14. Bd2 d5 15. Qc1
dxe4 16. dxe4 c5 17. axb5 axb5 18. Na5 Ba8 19. bxc5 Qc7 20. c6 Bxc6 21. Nxc6
Qxc6 22. Qb1 Ne8 23. Bc1 Nd6 24. Ba3 Nc5 25. Bb4 Rfd8 26. Ra7 Ra8 27. Rxa8 Rxa8
28. Nd2 Bf8 29. Nf1 Na4 30. Qa1 Rc8 31. Bxa4 bxa4 32. Nd2 Bh6 33. Nf3 Nc4 34.
Rd1 Ra8 35. Rd5 a3 36. Qa2 Nb6 37. Rxe5 Qc4 38. Qa1 a2 39. Nd4 Qd3 40. Qxa2
Qd1# 0-1

[Event "Tata Steel 2011 - C"]
[Site "Wijk aan Zee"]
[Date "21.01.2011"]
[Round "6C"]
[White "Pruijssers, R."]
[Black "Van Kampen, R."]
[Result "1/2-1/2"]
[WhiteElo "2484"]
[BlackElo "2443"]
[PlyCount "115"]
[EventDate "2011.01.14"]

1. e4 c5 2. Nf3 d6 3. d4 cxd4 4. Nxd4 Nf6 5. Nc3 a6 6. Be3 e5 7. Nb3 Be6 8. Qd2
Nbd7 9. f3 h5 10. Nd5 Bxd5 11. exd5 g6 12. Be2 Bg7 13. O-O O-O 14. Na5 Qc7 15.
c4 h4 16. Rac1 Nh5 17. Rfd1 b6 18. Nc6 a5 19. Qe1 Bf6 20. b3 Nb8 21. Qf2 Nf4
22. Bf1 Nxc6 23. Bxb6 Qc8 24. dxc6 Qxc6 25. Be3 Rfd8 26. g3 hxg3 27. hxg3 Ne6
28. Bg2 Qe8 29. f4 exf4 30. Bxa8 Ng5 31. Bg2 Qxe3 32. Qxe3 fxe3 33. Rd5 Ne6 34.
Rxa5 Be5 35. Bd5 Re8 36. Bc6 Re7 37. Rxe5 dxe5 38. Re1 Nd4 39. Bd5 e2 40. a4 e4
41. b4 Ra7 42. a5 Nc2 43. Rxe2 Nxb4 44. Bxe4 Rxa5 45. Rb2 Na6 46. Rb5 Ra4 47.
Bb7 Nc7 48. Rc5 Ne6 49. Rc8+ Kg7 50. Bd5 Ra2 51. c5 Ra5 52. Bxe6 fxe6 53. Kf2
Kf6 54. c6 Rc5 55. c7 Kg5 56. Kf3 Rc4 57. Re8 Rxc7 58. Rxe6 1/2-1/2

[Event "Tata Steel 2011 - C"]
[Site "Wijk aan Zee"]
[Date "21.01.2011"]
[Round "6C"]
[White "Siebrecht, S."]
[Black "Swiercz, D."]
[Result "0-1"]
[WhiteElo "2439"]
[BlackElo "2540"]
[PlyCount "104"]
[EventDate "2011.01.14"]

1. c4 Nf6 2. g3 e5 3. Bg2 d5 4. cxd5 Nxd5 5. Nc3 Nb6 6. d3 Be7 7. Nf3 Nc6 8.
O-O O-O 9. Be3 Re8 10. Ne4 Bg4 11. h3 Be6 12. Nc5 Bxc5 13. Bxc5 Qd7 14. Ng5 Bd5
15. e4 Be6 16. f4 f6 17. Nxe6 Qxe6 18. Rf2 Rad8 19. b4 Nd4 20. Rc1 c6 21. Kh2
Nc8 22. h4 exf4 23. gxf4 f5 24. e5 Qh6 25. h5 Ne6 26. Be3 Ne7 27. b5 Nd5 28.
Bxd5 cxd5 29. d4 g6 30. Kg1 Kf7 31. hxg6+ hxg6 32. Rh2 Qg7 33. Qa4 Rh8 34. Qxa7
Rd7 35. Rcc2 g5 36. fxg5 Rxh2 37. Rxh2 f4 38. Bf2 Qg6 39. Qa3 Nxg5 40. Kf1 Qb1+
41. Be1 Qxb5+ 42. Kg1 Qb1 43. Kf1 Qb5+ 44. Kg1 Qb6 45. Bf2 Qb1+ 46. Kg2 f3+ 47.
Kg3 Qf5 48. e6+ Kg6 49. Rh4 Rh7 50. e7 Ne4+ 51. Kh2 Qf4+ 52. Kh1 Rxh4+ 0-1

[Event "Tata Steel 2011 - C"]
[Site "Wijk aan Zee"]
[Date "21.01.2011"]
[Round "6C"]
[White "Van der Werf, M."]
[Black "Nyzhnyk, I."]
[Result "1/2-1/2"]
[WhiteElo "2439"]
[BlackElo "2530"]
[PlyCount "80"]
[EventDate "2011.01.14"]

1. c4 Nf6 2. g3 g6 3. Bg2 Bg7 4. Nc3 O-O 5. e4 d6 6. Nge2 c5 7. O-O Nc6 8. d3
Ne8 9. Be3 Nc7 10. d4 cxd4 11. Nxd4 Ne6 12. Nde2 Nc5 13. f4 Be6 14. b3 Qc8 15.
Rf2 Bg4 16. Qd2 Rb8 17. Rb1 a5 18. Nd4 Bh3 19. Bf3 Re8 20. Ndb5 b6 21. Nd5 Qd7
22. a3 f5 23. e5 Ne4 24. Bxe4 fxe4 25. Nxb6 Rxb6 26. Bxb6 Qb7 27. Be3 dxe5 28.
Qd5+ e6 29. Qc5 Rd8 30. Qb6 Qc8 31. Qc7 Qxc7 32. Nxc7 Rd3 33. Re2 exf4 34. gxf4
Nd4 35. Kf2 Bf6 36. Bxd4 Bxd4+ 37. Ke1 Bc3+ 38. Kf2 Bd4+ 39. Ke1 Bc3+ 40. Kf2
Bd4+ 1/2-1/2

[Event "Tata Steel 2011 - C"]
[Site "Wijk aan Zee"]
[Date "28.01.2011"]
[Round "11C"]
[White "Bluvshtein, M."]
[Black "Van der Werf, M."]
[Result "1/2-1/2"]
[WhiteElo "2590"]
[BlackElo "2439"]
[PlyCount "208"]
[EventDate "2011.01.14"]

1. d4 Nf6 2. c4 e6 3. Nc3 Bb4 4. e3 c5 5. Nge2 b6 6. a3 Ba5 7. Rb1 Na6 8. g3
Bb7 9. d5 b5 10. Bg2 bxc4 11. e4 O-O 12. O-O d6 13. Bg5 exd5 14. Nxd5 Bxd5 15.
Bxf6 Qxf6 16. Qxd5 Rab8 17. Qxc4 Nc7 18. Nf4 Rfe8 19. Qc2 Qd8 20. Rfd1 Ne6 21.
Nd5 Qd7 22. Qd3 Qb5 23. Qxb5 Rxb5 24. b4 Bd8 25. Bf1 Rb8 26. f3 cxb4 27. Rxb4
Rxb4 28. axb4 Nc7 29. Nf4 Ne6 30. Bb5 Bb6+ 31. Kf1 Rd8 32. Nd5 Kf8 33. Bc4 Rb8
34. f4 Bd8 35. Ra1 Rb7 36. Ba6 Rb8 37. Bc4 Rb7 38. Ra6 Bb6 39. Nxb6 Rxb6 40.
Ra4 Rb7 41. Ke2 Ke7 42. Bd5 Rc7 43. Kd3 Nf8 44. Ra5 Nd7 45. Kd4 h6 46. h4 Nf6
47. Bb3 Rb7 48. b5 Rc7 49. Ra3 Rb7 50. Bc4 Rc7 51. Be2 Nd7 52. g4 Nf8 53. f5
Nd7 54. g5 hxg5 55. hxg5 Ne5 56. Ra6 Kd7 57. Ra3 Ke7 58. Ra1 Kd7 59. Rh1 Rc2
60. Ke3 Rc8 61. Rh7 Rg8 62. Kd4 Ke7 63. Rxg7 Rxg7 64. f6+ Kf8 65. fxg7+ Kxg7
66. Kd5 f6 67. gxf6+ Kxf6 68. Kxd6 Nf7+ 69. Kd5 Ne5 70. Bc4 Nf3 71. Kd6 Ne5 72.
Be2 Nf7+ 73. Kd5 Ne5 74. Bh5 Nd3 75. Kd6 Ne5 76. Kd5 Nd3 77. Kc6 Ke5 78. Bf3
Ne1 79. Bd1 Kxe4 80. Kb7 Kd5 81. Be2 Nc2 82. Kxa7 Nd4 83. b6 Nc6+ 84. Kb7 Kc5
85. Bf3 Nd8+ 86. Kc7 Ne6+ 87. Kb7 Nd8+ 88. Ka7 Kb5 89. Bg4 Kc5 90. Bd7 Kd6 91.
Ba4 Kc5 92. Be8 Kb4 93. Kb8 Ka5 94. Kc7 Ne6+ 95. Kb7 Nd8+ 96. Ka7 Kb4 97. Bf7
Ka5 98. Bd5 Kb5 99. Be4 Ka5 100. Bd3 Nc6+ 101. Kb7 Nd8+ 102. Kc7 Ne6+ 103. Kc6
Nd8+ 104. Kd5 Kxb6 1/2-1/2

[Event "Tata Steel 2011 - C"]
[Site "Wijk aan Zee"]
[Date "28.01.2011"]
[Round "11C"]
[White "Kazhgaleyev, M."]
[Black "Ivanisevic, I."]
[Result "1/2-1/2"]
[WhiteElo "2637"]
[BlackElo "2630"]
[PlyCount "121"]
[EventDate "2011.01.14"]

1. d4 Nf6 2. c4 g6 3. Nc3 Bg7 4. e4 d6 5. h3 O-O 6. Bg5 c5 7. d5 e6 8. Bd3 exd5
9. exd5 Nbd7 10. f4 Qa5 11. Kf2 Nh5 12. Nge2 f6 13. Bh4 Bh6 14. g3 a6 15. Qc2
f5 16. a4 Ndf6 17. Rhe1 Bd7 18. Ng1 Bg7 19. Nf3 h6 20. Re7 b5 21. Rae1 bxc4 22.
Bxc4 Rae8 23. Rxe8 Rxe8 24. Rxe8+ Bxe8 25. Kg2 Bf7 26. Qb3 Qb4 27. Nd2 Kf8 28.
Kf3 g5 29. fxg5 Nd7 30. Kg2 Nb6 31. g6 Nxc4 32. Qxc4 Qxb2 33. Ncb1 Bxg6 34.
Qxa6 Qe5 35. a5 Qxd5+ 36. Nf3 f4 37. Nbd2 Qd3 38. Qc8+ Kf7 39. g4 Qe2+ 40. Bf2
Ng3 41. Qb7+ Kg8 42. Qd5+ Bf7 43. Qb7 Bc4 44. g5 hxg5 45. a6 Bxa6 46. Qd5+ Kh7
47. Nxg5+ Kg6 48. Qf7+ Kh6 49. Qxf4 Nh5 50. Qf5 Bd4 51. Nge4 Bd3 52. Qf8+ Kh7
53. Qf5+ Kg7 54. Qg5+ Kf8 55. Qd8+ Kf7 56. Qd7+ Kg6 57. Qxd6+ Nf6 58. Qg3+ Kf7
59. Qc7+ Kg6 60. Qg3+ Kf7 61. Qc7+ 1/2-1/2

[Event "Tata Steel 2011 - C"]
[Site "Wijk aan Zee"]
[Date "30.01.2011"]
[Round "13C"]
[White "Bluvshtein, M."]
[Black "Ivanisevic, I."]
[Result "1-0"]
[WhiteElo "2590"]
[BlackElo "2630"]
[PlyCount "93"]
[EventDate "2011.01.14"]

1. d4 Nf6 2. c4 c5 3. Nf3 cxd4 4. Nxd4 e6 5. Nc3 Bb4 6. g3 Qc7 7. Qd3 Nc6 8.
Ndb5 Qb8 9. Bf4 e5 10. Bg5 a6 11. Bxf6 axb5 12. Bxg7 bxc4 13. Qb1 Rg8 14. Qxh7
Rxg7 15. Qxg7 d5 16. Bg2 d4 17. O-O dxc3 18. bxc3 Bxc3 19. Rac1 Nd4 20. Kh1 Bd2
21. Rxc4 Be6 22. Ra4 Ke7 23. Rxa8 Qxa8 24. Qxe5 Qa4 25. Qc7+ Bd7 26. Qc5+ Ke8
27. Bxb7 Ne6 28. Qd5 Ba5 29. Rc1 Qa3 30. Rd1 Qa4 31. f4 Bb6 32. Rd3 Nd4 33.
Qe5+ Kd8 34. Qd6 Qa5 35. Kg2 Qb5 36. a4 Qb2 37. Bf3 Kc8 38. a5 Bc6 39. Kh3 Bd7+
40. g4 Ba7 41. a6 Qa1 42. Kg2 Qb2 43. Qf8+ Kc7 44. Qxf7 Qb5 45. Rc3+ Kb6 46.
Qf6+ Ka5 47. Qd6 1-0